[Event "Tournoi francophone 008 Groupe D"]
[Site "Skype"]
[Date "????.??.??"]
[Round "1.1"]
[White "Dhenain, Sebastien"]
[Black "Porcabeuf, Jean-Marc"]
[Result "1-0"]
[WhiteElo "1235"]
[BlackElo "1176"]
[PlyCount "54"]

1. e4 e5 2. Nf3 Nc6 3. d4 exd4 4. Bb5 Nf6 5. e5 Nd5 6. Nxd4 Nxe5 7. Qe2 Bd6 8.
Nf3 O-O 9. Nxe5 Bxe5 10. O-O Re8 11. Re1 Bxh2+ 12. Kxh2 Rxe2 13. Rxe2 c6 14.
Bg5 Ne7 15. Bxe7 Qe8 16. Bc4 d5 17. Bc5 Be6 18. Bb3 h6 19. Nc3 Qd7 20. Kg1 Rb8
21. Bxa7 Ra8 22. Be3 Bg4 23. Rd2 Re8 24. Ba4 Re6 25. Nxd5 Rf6 26. Nxf6+ gxf6
27. Rxd7 Bxd7 1-0

[Event "Tournoi francophone 008 Groupe D"]
[Site "Skype"]
[Date "????.??.??"]
[Round "1.2"]
[White "Vervoort, Jean-Louis"]
[Black "Moumtaz, Abderrahim"]
[Result "0-1"]
[WhiteElo "1292"]
[BlackElo "1280"]
[PlyCount "66"]

1. d4 d5 2. c4 c6 3. Nc3 Nf6 4. Bg5 Bf5 5. Bxf6 exf6 6. e3 Bd6 7. Nf3 O-O 8.
Bd3 Bxd3 9. Qxd3 dxc4 10. Qxc4 Nd7 11. O-O Nb6 12. Qb3 Qc7 13. a3 Nd5 14. Nxd5
cxd5 15. Rac1 Qd7 16. Rc2 Rac8 17. Rfc1 Rc6 18. Qxd5 Bxh2+ 19. Nxh2 Qxd5 20.
Nf3 Rfc8 21. Rxc6 Rxc6 22. Re1 f5 23. b4 Ra6 24. Ra1 Qb3 25. Rc1 h6 26. Rc8+
Kh7 27. Ne5 Qd1+ 28. Kh2 Qh5+ 29. Kg1 Rxa3 30. g3 Ra1+ 31. Kg2 Ra2 32. Rf8 Ra1
33. Nxf7 Qh1# 0-1

[Event "Tournoi francophone 008 Groupe D"]
[Site "Skype"]
[Date "????.??.??"]
[Round "1.3"]
[White "Rodriguez, Nathalie"]
[Black "Maccaferri, Massimo"]
[Result "1-0"]
[WhiteElo "1308"]
[BlackElo "1241"]
[PlyCount "131"]

1. Nf3 Nc6 2. e3 e5 3. c3 Bc5 4. d4 Bb6 5. Nxe5 Qf6 6. f4 d5 7. Be2 Nxe5 8.
fxe5 Qg6 9. O-O Bh3 10. Bf3 c6 11. Rf2 Bd8 12. Nd2 Bh4 13. Bh5 Qg5 14. Bxf7+
Ke7 15. g3 Bxg3 16. hxg3 Qxg3+ 17. Kh1 Qxf2 18. Qg1 Qxg1+ 19. Kxg1 Kxf7 20. Kh2
Be6 21. Nf3 Rf8 22. Ng5+ Ke7 23. e4 h6 24. Nxe6 Kxe6 25. exd5+ cxd5 26. Be3 h5
27. Rg1 Rf3 28. Bg5 h4 29. Kg2 Rg3+ 30. Kh2 Rxg1 31. Kxg1 h3 32. Kh2 Nh6 33.
Kxh3 Nf5+ 34. Kg4 Ne3+ 35. Bxe3 Rh1 36. b3 Re1 37. Bf2 Re2 38. Kf3 Rxa2 39. Ke3
Ra3 40. Kd3 Rxb3 41. Be3 a5 42. Kc2 Rb4 43. cxb4 axb4 44. Kb3 Kf5 45. Kxb4 g5
46. Kc3 g4 47. Kd2 Ke4 48. e6 g3 49. e7 g2 50. e8=Q+ Kf3 51. Qf8+ Kg3 52. Bg1
b5 53. Qf2+ Kh3 54. Qf3+ Kh4 55. Qxg2 b4 56. Qxd5 Kg3 57. Kc2 Kf4 58. Kb3 Kg4
59. Qe6+ Kg5 60. d5 Kf4 61. d6 Kg3 62. d7 Kg2 63. Qg6+ Kf3 64. d8=Q Kf4 65.
Qf8+ Ke5 66. Qff5# 1-0

[Event "Tournoi francophone 008 Groupe D"]
[Site "Skype"]
[Date "????.??.??"]
[Round "1.4"]
[White "Battaglia, Gabriele"]
[Black "Douichi, Mohammed"]
[Result "1-0"]
[WhiteElo "1286"]
[BlackElo "1202"]
[PlyCount "97"]

1. g3 e5 2. Bg2 d5 3. d3 Nc6 4. Nd2 Nf6 5. Ngf3 Bf5 6. O-O Bc5 7. Re1 O-O 8. e4
d4 9. exf5 Re8 10. Nc4 Bb4 11. Bd2 Qe7 12. Nfxe5 Nxe5 13. Rxe5 Qd7 14. Bxb4
Rxe5 15. Nxe5 Qb5 16. Qd2 Qxe5 17. Re1 Qxf5 18. Re7 Qc8 19. Qf4 c6 20. Qxd4 b6
21. Qc4 Nd5 22. Bxd5 cxd5 23. Qxd5 Qf8 24. Rxa7 Rd8 25. Rd7 Rxd7 26. Qxd7 Qb8
27. Bd6 Qa8 28. a3 f6 29. Qe6+ Kh8 30. Qf7 Qg8 31. Qxg8+ Kxg8 32. f4 Kf7 33.
Kf2 Ke6 34. Bc7 b5 35. Ke3 f5 36. Kd4 Kd7 37. Be5 g6 38. Kc5 Ke6 39. b4 h6 40.
c4 bxc4 41. dxc4 h5 42. b5 g5 43. b6 gxf4 44. gxf4 Kd7 45. b7 h4 46. b8=Q Ke6
47. Qd6+ Kf7 48. Qf6+ Kg8 49. Qg7# 1-0

[Event "Tournoi francophone 008 Groupe D"]
[Site "Skype"]
[Date "????.??.??"]
[Round "1.5"]
[White "Khabou, Taha"]
[Black "Chothe, Siddhant"]
[Result "0-1"]
[WhiteElo "1293"]
[BlackElo "1239"]
[PlyCount "66"]

1. e4 e5 2. Nf3 Nc6 3. d4 d6 4. Bc4 Be7 5. dxe5 dxe5 6. Qxd8+ Bxd8 7. Nc3 Nf6
8. Ng5 O-O 9. O-O h6 10. Nxf7 Rxf7 11. Bxf7+ Kxf7 12. h3 Nd4 13. Bd2 Nxc2 14.
Rac1 Nd4 15. f4 exf4 16. Rxf4 Kg8 17. e5 Ne6 18. Rff1 Nh5 19. Rf3 Nef4 20. Bxf4
Nxf4 21. Rxf4 Bg5 22. Nd5 Bxf4 23. Nxf4 c6 24. Re1 Kf7 25. h4 Be6 26. a3 Rd8
27. b4 Rd4 28. Nxe6 Kxe6 29. g3 Rd3 30. Kf2 Rxa3 31. g4 Ra4 32. Re4 a5 33. Ke3
Rxb4 0-1

[Event "Tournoi francophone 008 Groupe D"]
[Site "Skype"]
[Date "????.??.??"]
[Round "2.1"]
[White "Dhenain, Sebastien"]
[Black "Chothe, Siddhant"]
[Result "0-1"]
[WhiteElo "1235"]
[BlackElo "1239"]
[PlyCount "36"]

1. e4 e5 2. Nf3 Nc6 3. d4 exd4 4. Bb5 Bb4+ 5. Bd2 Bxd2+ 6. Qxd2 Qf6 7. Bxc6
dxc6 8. Nxd4 c5 9. Nf3 Qxb2 10. Qc3 Qc1+ 11. Ke2 Qxh1 12. Qe5+ Be6 13. Qxg7
Bc4+ 14. Ke3 Qc1+ 15. Nfd2 Qe1+ 16. Kf3 Qe2+ 17. Kf4 Qxf2+ 18. Ke5 Qd4+ 0-1

[Event "Tournoi francophone 008 Groupe D"]
[Site "Skype"]
[Date "????.??.??"]
[Round "2.2"]
[White "Douichi, Mohammed"]
[Black "Khabou, Taha"]
[Result "0-1"]
[WhiteElo "1202"]
[BlackElo "1293"]
[PlyCount "34"]

1. e4 e5 2. c3 Nf6 3. Nf3 Nc6 4. Bd3 d5 5. exd5 Qxd5 6. Qe2 e4 7. Bc4 Qf5 8.
O-O Be7 9. d4 exf3 10. Bd3 fxe2 11. Bxf5 exf1=Q+ 12. Kxf1 Bxf5 13. Nd2 O-O-O
14. Nf3 Bd6 15. h3 Rhe8 16. Nh4 Bd3+ 17. Kg1 Re1# 0-1

[Event "Tournoi francophone 008 Groupe D"]
[Site "Skype"]
[Date "????.??.??"]
[Round "2.3"]
[White "Maccaferri, Massimo"]
[Black "Battaglia, Gabriele"]
[Result "1-0"]
[WhiteElo "1241"]
[BlackElo "1286"]
[PlyCount "97"]

1. e4 d5 2. exd5 Qxd5 3. Nc3 Qa5 4. d4 e5 5. Qe2 Bd6 6. Nf3 Nf6 7. dxe5 Bxe5 8.
Nxe5 O-O 9. Be3 Qxe5 10. O-O-O Nc6 11. h4 Be6 12. f4 Qa5 13. Qb5 Rab8 14. Qxa5
Nxa5 15. Bxa7 Rbd8 16. Be2 Bc4 17. Bc5 Rfe8 18. Bf3 Nc6 19. b3 Be6 20. h5 h6
21. Ne4 Nxe4 22. Bxe4 Bg4 23. Rxd8 Rxd8 24. g3 b6 25. Bxb6 cxb6 26. Bxc6 Rd6
27. Be4 Re6 28. Bd3 Re3 29. a4 Rxg3 30. Re1 Kf8 31. Bb5 f6 32. Re8+ Kf7 33. Rb8
Rg1+ 34. Kb2 Bxh5 35. Rxb6 Rg2 36. a5 Bg6 37. Rb7+ Kf8 38. Rb8+ Ke7 39. Rc8 Be4
40. a6 Rd2 41. Re8+ Kf7 42. Rxe4 Rd5 43. Bc4 f5 44. Bxd5+ Kf6 45. Re1 g5 46. a7
gxf4 47. a8=Q Kg5 48. Qg8+ Kh4 49. Rh1# 1-0

[Event "Tournoi francophone 008 Groupe D"]
[Site "Skype"]
[Date "????.??.??"]
[Round "2.4"]
[White "Moumtaz, Abderrahim"]
[Black "Rodriguez, Nathalie"]
[Result "1-0"]
[WhiteElo "1280"]
[BlackElo "1308"]
[PlyCount "111"]

1. d4 d5 2. c4 dxc4 3. e4 b5 4. Nc3 Nf6 5. Qc2 e6 6. Nxb5 c6 7. Nc3 Qxd4 8. Nf3
Qc5 9. Be3 Qd6 10. Bxc4 Be7 11. Rd1 Qc7 12. O-O O-O 13. Rfe1 Ng4 14. Bd4 Nf6
15. Be5 Qb7 16. a3 Nbd7 17. Bd4 Nb6 18. Bd3 c5 19. Be3 Ng4 20. e5 g6 21. Bf4
Nd5 22. Be4 Qc7 23. Nxd5 exd5 24. Bxd5 Bf5 25. Qc4 Be6 26. Bxe6 fxe6 27. h3 g5
28. Qxe6+ Rf7 29. Bxg5 Nxe5 30. Nxe5 Bxg5 31. Nxf7 Qxf7 32. Qxf7+ Kxf7 33. Rd7+
Kg6 34. Rc7 Rf8 35. Rxc5 Bd8 36. Rc8 Kg7 37. Rd1 Bb6 38. Rd7+ Kg8 39. Rxf8+
Kxf8 40. Rxh7 Kg8 41. Rb7 Bd4 42. b4 Kf8 43. b5 Ke8 44. a4 Kd8 45. a5 Kc8 46.
a6 Bc5 47. Rg7 Bf8 48. Rf7 Bc5 49. h4 Kd8 50. h5 Ke8 51. Rc7 Bb6 52. Rb7 Bc5
53. g4 Kf8 54. g5 Kg8 55. h6 Bd4 56. g6 1-0

[Event "Tournoi francophone 008 Groupe D"]
[Site "Skype"]
[Date "????.??.??"]
[Round "2.5"]
[White "Porcabeuf, Jean-Marc"]
[Black "Vervoort, Jean-Louis"]
[Result "1-0"]
[WhiteElo "1176"]
[BlackElo "1292"]
[PlyCount "53"]

1. d4 d5 2. e3 Nf6 3. Bd3 e6 4. Nf3 Bb4+ 5. c3 Ba5 6. O-O O-O 7. Nbd2 Nc6 8.
Re1 Re8 9. e4 dxe4 10. Nxe4 Nxe4 11. Rxe4 e5 12. Rh4 g6 13. Bh6 Re6 14. Qd2
exd4 15. Qf4 Qd7 16. Bg7 Kxg7 17. Qh6+ Kf6 18. Qg5+ Kg7 19. Qh6+ Kf6 20. Qxh7
Ke7 21. Ng5 Rf6 22. Re1+ Kd6 23. h3 dxc3 24. Ne4+ Ke6 25. Nxf6+ Kxf6 26. Qh8+
Kg5 27. f4# 1-0

[Event "Tournoi francophone 008 Groupe D"]
[Site "Skype"]
[Date "????.??.??"]
[Round "3.1"]
[White "Vervoort, Jean-Louis"]
[Black "Dhenain, Sebastien"]
[Result "0-1"]
[WhiteElo "1292"]
[BlackElo "1235"]
[PlyCount "72"]

1. d4 d5 2. c4 e6 3. Nc3 Nf6 4. Bg5 Bb4 5. Qc2 Bxc3+ 6. Qxc3 O-O 7. e3 Ne4 8.
Bxd8 Nxc3 9. bxc3 Rxd8 10. Nf3 Nc6 11. Bd3 Re8 12. O-O e5 13. dxe5 Nxe5 14.
Nxe5 Rxe5 15. h3 Be6 16. Rab1 b6 17. cxd5 Bxd5 18. c4 Bb7 19. Rfe1 Rg5 20. g3
h5 21. h4 Ra5 22. Rb2 Rd8 23. Rd1 Be4 24. Rbd2 Bxd3 25. Rxd3 Rxd3 26. Rxd3 Rxa2
27. Rd5 c5 28. Rxh5 Rc2 29. Re5 Rxc4 30. Re8+ Kh7 31. Re7 f6 32. Rxa7 b5 33.
Kf1 b4 34. Ra4 Rc1+ 35. Ke2 b3 36. Kd2 b2 0-1

[Event "Tournoi francophone 008 Groupe D"]
[Site "Skype"]
[Date "????.??.??"]
[Round "3.2"]
[White "Rodriguez, Nathalie"]
[Black "Porcabeuf, Jean-Marc"]
[Result "1-0"]
[WhiteElo "1308"]
[BlackElo "1176"]
[PlyCount "73"]

1. Nf3 d5 2. e3 e6 3. d4 Nf6 4. Be2 Bd6 5. c3 O-O 6. O-O Re8 7. Ne5 Nbd7 8. f4
c5 9. Nd2 b6 10. Ndf3 Nh5 11. Bd2 f6 12. Nxd7 Qxd7 13. Nh4 Nxf4 14. exf4 f5 15.
Nf3 cxd4 16. cxd4 Bb7 17. Ne5 Qe7 18. Qa4 Bc8 19. Nc6 Qf7 20. Ne5 Bxe5 21. fxe5
Bd7 22. Qd1 Rf8 23. Bb4 Rfe8 24. Qd2 a5 25. Ba3 Ra7 26. b3 Rc8 27. Rf3 Qg6 28.
Rg3 Qf7 29. Qg5 g6 30. Bc1 Kh8 31. Rh3 Be8 32. Qh4 Rcc7 33. Bg5 Qf8 34. Bf6+
Kg8 35. Qg5 Qb4 36. Rh4 Qxd4+ 37. Rxd4 1-0

[Event "Tournoi francophone 008 Groupe D"]
[Site "Skype"]
[Date "????.??.??"]
[Round "3.3"]
[White "Battaglia, Gabriele"]
[Black "Moumtaz, Abderrahim"]
[Result "1-0"]
[WhiteElo "1286"]
[BlackElo "1280"]
[PlyCount "103"]

1. Nf3 Nf6 2. g3 d5 3. d3 e6 4. Bg2 Bd6 5. O-O O-O 6. Nbd2 Nbd7 7. e4 dxe4 8.
dxe4 e5 9. Re1 Re8 10. Nc4 Bc5 11. b3 b5 12. Ncd2 Bb7 13. Bb2 Bb4 14. Qe2 Bxe4
15. c3 Bxc3 16. Bxc3 Bxf3 17. Bxf3 Rb8 18. Rad1 c5 19. Ne4 Re6 20. Nxf6+ Rxf6
21. Kg2 Qe7 22. Bd2 Rg6 23. Bc3 Re6 24. Bg4 Rd6 25. Rxd6 Qxd6 26. Rd1 Qe7 27.
Rxd7 Qe8 28. Bxe5 Rd8 29. Qxb5 Rxd7 30. Bxd7 Qa8+ 31. Bc6 Qf8 32. Qb8 Qxb8 33.
Bxb8 a5 34. Ba7 a4 35. Bxc5 f5 36. Bxa4 Kf7 37. f4 Ke6 38. Bd4 g6 39. Be5 Kd5
40. a3 Kc5 41. b4+ Kc4 42. b5 Kc5 43. Kf3 Kb6 44. Bd4+ Kb7 45. b6 h6 46. Bb5 g5
47. a4 gxf4 48. gxf4 h5 49. a5 h4 50. a6+ Kb8 51. Bc6 h3 52. a7+ 1-0

[Event "Tournoi francophone 008 Groupe D"]
[Site "Skype"]
[Date "????.??.??"]
[Round "3.4"]
[White "Khabou, Taha"]
[Black "Maccaferri, Massimo"]
[Result "1-0"]
[WhiteElo "1293"]
[BlackElo "1241"]
[PlyCount "69"]

1. e4 e5 2. Nf3 Nc6 3. Bb5 Bd6 4. Nc3 a6 5. Ba4 Qf6 6. d3 Qg6 7. O-O Bb4 8.
Bxc6 dxc6 9. Nxe5 Qe6 10. Nf3 Qg6 11. Ne2 Bh3 12. Nf4 Qg4 13. Nxh3 h6 14. Nf4
Bd6 15. h3 Qd7 16. Nh5 Rh7 17. Re1 O-O-O 18. Be3 b6 19. e5 Be7 20. Nf4 g5 21.
Ne2 Rg7 22. Bd4 Rg6 23. Ng3 g4 24. hxg4 Rxg4 25. e6 fxe6 26. Ne5 Qxd4 27. Nxg4
Rf8 28. Rxe6 Nf6 29. Nxf6 Bxf6 30. Re4 Qxb2 31. Rb1 Qxa2 32. Rc4 c5 33. Ne4 b5
34. Rxc5 Qf7 35. Nd6+ 1-0

[Event "Tournoi francophone 008 Groupe D"]
[Site "Skype"]
[Date "????.??.??"]
[Round "3.5"]
[White "Chothe, Siddhant"]
[Black "Douichi, Mohammed"]
[Result "1-0"]
[WhiteElo "1239"]
[BlackElo "1202"]
[PlyCount "63"]

1. e4 e5 2. Nf3 Nc6 3. Bc4 d6 4. h3 Qf6 5. d3 h6 6. Nc3 Be6 7. Nd5 Bxd5 8. Bxd5
Nce7 9. Bxb7 Rb8 10. Ba6 Qe6 11. Be3 Nf6 12. Bc4 d5 13. exd5 Nexd5 14. Rb1 c6
15. Bxa7 Rd8 16. O-O Bd6 17. Bd4 exd4 18. Re1 Be5 19. Rxe5 Qxe5 20. Nxe5 c5 21.
Bb5+ Kf8 22. a4 Ne7 23. Qf3 Rd5 24. Nd7+ Nxd7 25. Bxd7 f6 26. Be6 Rd8 27. Qb7
Ke8 28. a5 Rf8 29. Qb5+ Nc6 30. Qxc6+ Ke7 31. Re1 Rc8 32. Bxc8+ 1-0

[Event "Tournoi francophone 008 Groupe D"]
[Site "Skype"]
[Date "????.??.??"]
[Round "4.1"]
[White "Dhenain, Sebastien"]
[Black "Douichi, Mohammed"]
[Result "0-1"]
[WhiteElo "1235"]
[BlackElo "1202"]
[PlyCount "80"]

1. e4 e5 2. Nf3 Nc6 3. d4 exd4 4. Nxd4 Bb4+ 5. c3 Bc5 6. Nf3 Nf6 7. Bg5 O-O 8.
Bb5 Qe7 9. Bxc6 dxc6 10. e5 Qe6 11. O-O Nd5 12. c4 Nb6 13. Nc3 Qxc4 14. Re1 Be6
15. Be3 Bxe3 16. Rxe3 h6 17. b3 Qb4 18. Rc1 Bd5 19. Nxd5 Nxd5 20. Rc4 Qb6 21.
Re1 Rad8 22. Qd4 Qa6 23. Ra4 Qb5 24. Rxa7 Nb6 25. Qa1 Nd5 26. e6 fxe6 27. Rxe6
Qb6 28. Ra4 Nf4 29. Re7 Rf7 30. Rae4 Nd3 31. Re8+ Rf8 32. R8e7 Qxf2+ 33. Kh1
Rf7 34. Re8+ Rf8 35. Rg4 Nb2 36. Rxf8+ Kxf8 37. Rf4+ Kg8 38. Qe1 Rd1 39. Qg1
Rxg1+ 40. Nxg1 Qxf4 0-1

[Event "Tournoi francophone 008 Groupe D"]
[Site "Skype"]
[Date "????.??.??"]
[Round "4.3"]
[White "Moumtaz, Abderrahim"]
[Black "Khabou, Taha"]
[Result "0-1"]
[WhiteElo "1280"]
[BlackElo "1293"]
[PlyCount "90"]

1. d4 Nf6 2. c4 c6 3. Nc3 d5 4. Nf3 Bg4 5. Ne5 Bf5 6. Qb3 b6 7. cxd5 cxd5 8.
Bg5 Nbd7 9. Nxd5 Nxe5 10. Nxf6+ exf6 11. Qb5+ Qd7 12. Qxd7+ Nxd7 13. Bf4 Bb4+
14. Bd2 Bd6 15. e3 Rc8 16. Bc3 O-O 17. Be2 Rfd8 18. O-O Nf8 19. f3 Bd7 20. e4
Bc6 21. b4 Bxe4 22. fxe4 Rxc3 23. a3 Ng6 24. Bf3 Bf4 25. Rfd1 Be3+ 26. Kh1 Rxd4
27. Rxd4 Bxd4 28. a4 Rxf3 29. gxf3 Bxa1 30. Kg2 a6 31. Kg3 Bc3 32. b5 axb5 33.
axb5 Nf8 34. Kf2 Ne6 35. Ke3 Nc7 36. Kd3 Nxb5 37. Kc4 Nd4 38. Kxc3 Nxf3 39. h3
Ne5 40. Kb4 Nd7 41. Kb5 Kf8 42. h4 Ke7 43. h5 g6 44. hxg6 fxg6 45. Kc4 h5 0-1

[Event "Tournoi francophone 008 Groupe D"]
[Site "Skype"]
[Date "????.??.??"]
[Round "4.4"]
[White "Porcabeuf, Jean-Marc"]
[Black "Battaglia, Gabriele"]
[Result "0-1"]
[WhiteElo "1176"]
[BlackElo "1286"]
[PlyCount "80"]

1. d4 d5 2. c4 e6 3. a3 Nf6 4. Nf3 Nc6 5. e3 Be7 6. Bd3 O-O 7. O-O Bd6 8. Nc3
Ng4 9. Re1 Ne7 10. e4 dxe4 11. Nxe4 c6 12. c5 Bc7 13. Qc2 Ng6 14. Neg5 h6 15.
Bxg6 hxg5 16. Bh7+ Kh8 17. h3 Nh6 18. Nxg5 Qxd4 19. Bg8 g6 20. Bh7 Qd5 21. Qc3+
e5 22. Bf4 Re8 23. Bxg6 fxg6 24. Rad1 Qg8 25. Nf3 Nf7 26. Bg5 Nxg5 27. Nxg5 Bf5
28. Rd7 Bxd7 29. Qf3 Qg7 30. h4 Rad8 31. h5 Bf5 32. h6 Qxh6 33. Nf7+ Kg7 34.
Nxh6 Kxh6 35. Qe3+ Kg7 36. g3 e4 37. Kg2 Rd3 38. Qc1 Red8 39. Rh1 e3 40. fxe3
Be4+ 0-1

[Event "Tournoi francophone 008 Groupe D"]
[Site "Skype"]
[Date "????.??.??"]
[Round "4.5"]
[White "Vervoort, Jean-Louis"]
[Black "Rodriguez, Nathalie"]
[Result "1-0"]
[WhiteElo "1292"]
[BlackElo "1308"]
[PlyCount "103"]

1. d4 d5 2. c4 Nf6 3. Nc3 c6 4. Bg5 e6 5. Bxf6 Qxf6 6. Nf3 Bd6 7. e3 Nd7 8. Bd3
Qd8 9. O-O g6 10. cxd5 exd5 11. Re1 O-O 12. e4 Nb6 13. e5 Be7 14. Qd2 Be6 15.
g3 Nc4 16. Bxc4 dxc4 17. h4 Bg4 18. Re3 b5 19. a3 a6 20. Kg2 Qd7 21. Rae1 Bh3+
22. Kh2 Bg4 23. Kg2 Bh3+ 24. Kh2 Bg4 25. Rh1 Qf5 26. Kg2 Bxf3+ 27. Rxf3 Qe6 28.
Re1 Rad8 29. Qh6 Rxd4 30. Rfe3 Rfd8 31. Ne4 Qd5 32. Kh2 Bf8 33. Qf4 Be7 34. Rf3
Rd3 35. Qg4 Rd1 36. Re2 Qxe5 37. Rf5 Qd4 38. Rf4 h5 39. Qf3 Rd3 40. Qg2 f5 41.
Ng5 Qd7 42. Nf3 Bd6 43. Rfe4 fxe4 44. Rxe4 Qf5 45. Ng5 Bc5 46. Rf4 Qe5 47. Nf7
Rf8 48. Nxe5 Rd2 49. Rxf8+ Kxf8 50. Qf3+ Kg7 51. Qf7+ Kh6 52. Qxg6# 1-0

[Event "Tournoi francophone 008 Groupe D"]
[Site "Skype"]
[Date "????.??.??"]
[Round "5.1"]
[White "Rodriguez, Nathalie"]
[Black "Dhenain, Sebastien"]
[Result "1-0"]
[WhiteElo "1308"]
[BlackElo "1235"]
[PlyCount "67"]

1. d4 d5 2. Bf4 Nc6 3. Nc3 Nf6 4. Nb5 e5 5. dxe5 Nd7 6. e6 fxe6 7. Nxc7+ Ke7 8.
Nxa8 Ke8 9. Nc7+ Ke7 10. Bg5+ Nf6 11. Nb5 Qa5+ 12. Nc3 d4 13. Bd2 dxc3 14. Bxc3
Qb6 15. e3 Ne4 16. Bc4 Nxc3 17. bxc3 Kf7 18. Nf3 Na5 19. Ng5+ Ke8 20. Rb1 Qc7
21. Bb5+ Bd7 22. Bxd7+ Ke7 23. Bxe6 Qxc3+ 24. Kf1 Nc4 25. Bxc4 Qxc4+ 26. Qe2
Qxa2 27. Rxb7+ Kf6 28. Ne4+ Kf5 29. f3 Qa1+ 30. Qe1 Qa6+ 31. Qe2 Qxb7 32. g4+
Ke6 33. Qc4+ Kd7 34. Nc5+ 1-0

[Event "Tournoi francophone 008 Groupe D"]
[Site "Skype"]
[Date "????.??.??"]
[Round "5.3"]
[White "Khabou, Taha"]
[Black "Porcabeuf, Jean-Marc"]
[Result "1-0"]
[WhiteElo "1293"]
[BlackElo "1176"]
[PlyCount "41"]

1. d4 d5 2. c4 Nf6 3. Bg5 Ne4 4. Bf4 Bf5 5. g3 Nc6 6. e3 Nf6 7. Nc3 e6 8. cxd5
exd5 9. Bg2 Bd6 10. Nge2 a6 11. Nxd5 Nxd5 12. Bxd5 Bxf4 13. Nxf4 Nb4 14. Bb3
O-O 15. O-O c6 16. g4 Qg5 17. h3 Be4 18. Qd2 Nd5 19. f3 Nxf4 20. exf4 Bg6 21.
fxg5 1-0

[Event "Tournoi francophone 008 Groupe D"]
[Site "Skype"]
[Date "????.??.??"]
[Round "5.4"]
[White "Chothe, Siddhant"]
[Black "Moumtaz, Abderrahim"]
[Result "1/2-1/2"]
[WhiteElo "1239"]
[BlackElo "1280"]
[PlyCount "71"]

1. e4 e5 2. Nf3 Nc6 3. Bc4 Bc5 4. c3 Qe7 5. O-O Nf6 6. d4 Bb6 7. Nxe5 Nxe5 8.
dxe5 Qxe5 9. Bd3 O-O 10. Nd2 d6 11. Nc4 Qh5 12. Qxh5 Nxh5 13. Nxb6 axb6 14. h3
Nf6 15. g4 h6 16. b4 b5 17. Bxb5 Nxe4 18. Bb2 Ng5 19. Kg2 Be6 20. a4 Bd5+ 21.
f3 f6 22. Bd3 b6 23. c4 Be6 24. b5 d5 25. cxd5 Bxd5 26. Ra3 Ne6 27. Kg3 Nc5 28.
Bc2 Ne6 29. h4 g5 30. hxg5 fxg5 31. Be5 c6 32. Bd3 Nc5 33. bxc6 Nxd3 34. Rxd3
Bxc6 35. Rd6 Bxa4 36. Rxb6 1/2-1/2

[Event "Tournoi francophone 008 Groupe D"]
[Site "Skype"]
[Date "????.??.??"]
[Round "5.5"]
[White "Douichi, Mohammed"]
[Black "Maccaferri, Massimo"]
[Result "0-1"]
[WhiteElo "1202"]
[BlackElo "1241"]
[PlyCount "62"]

1. e4 e5 2. c3 Nf6 3. Nf3 Nxe4 4. Nxe5 Qe7 5. d4 Nf6 6. Be2 d6 7. Nf3 Bg4 8.
O-O h5 9. Re1 Ne4 10. d5 Nd7 11. Qb3 O-O-O 12. Bd3 f5 13. Bg5 Ndf6 14. Nd4 a6
15. h3 Qe5 16. Ne6 Rd7 17. Bf4 Nc5 18. Qd1 Bxd1 19. Bxe5 Nxd3 20. Rxd1 Nxe5 21.
Nd2 Nxd5 22. Nxf8 Rxf8 23. Kf1 f4 24. f3 Ne3+ 25. Kf2 Nxd1+ 26. Rxd1 Nd3+ 27.
Ke2 Nxb2 28. Re1 Re7+ 29. Ne4 d5 30. Kf2 Nd3+ 31. Ke2 Nxe1 0-1

[Event "Tournoi francophone 008 Groupe D"]
[Site "Skype"]
[Date "????.??.??"]
[Round "6.1"]
[White "Dhenain, Sebastien"]
[Black "Maccaferri, Massimo"]
[Result "1-0"]
[WhiteElo "1235"]
[BlackElo "1241"]
[PlyCount "101"]

1. e4 e5 2. Nf3 Nc6 3. d4 d5 4. dxe5 dxe4 5. Qxd8+ Kxd8 6. Ng5 Bf5 7. Nxf7+ Kd7
8. Bb5 Ke7 9. Nxh8 Nd4 10. Na3 Ke6 11. Bc4+ Kxe5 12. Bxg8 Bxa3 13. Nf7+ Kf6 14.
O-O Nxc2 15. Rb1 Bc5 16. Be3 Bxe3 17. fxe3 Nxe3 18. Rfc1 Rxg8 19. Rxc7 Nd5 20.
Rxb7 e3 21. Rc1 e2 22. Rc6+ Be6 23. Kf2 Nf4 24. g3 Ng2 25. Kxe2 Re8 26. Nd6 Rd8
27. Nc8 Ke5 28. Rb5+ Bd5 29. Ne7 Kd4 30. Rxd5+ Rxd5 31. Nxd5 Kxd5 32. Rc7 g5
33. Rxh7 a5 34. Rh5 Ke4 35. Rxg5 Ne3 36. Rxa5 Nc4 37. Ra4 Kd5 38. h4 Nxb2 39.
Rg4 Nc4 40. h5 Ne5 41. Rg5 Ke6 42. h6 Nf7 43. Rg6+ Ke7 44. h7 Ne5 45. Rg7+ Nf7
46. h8=Q Ke6 47. Qe8+ Kf6 48. Qxf7+ Ke5 49. Rg5+ Kd4 50. Rg4+ Kc3 51. Qb3# 1-0

[Event "Tournoi francophone 008 Groupe D"]
[Site "Skype"]
[Date "????.??.??"]
[Round "6.2"]
[White "Moumtaz, Abderrahim"]
[Black "Douichi, Mohammed"]
[Result "0-1"]
[WhiteElo "1280"]
[BlackElo "1202"]
[PlyCount "108"]

1. e4 e5 2. Nf3 Nf6 3. Nxe5 Nxe4 4. Qe2 d5 5. d3 Bb4+ 6. c3 Bxc3+ 7. bxc3 Qe7
8. dxe4 Qxe5 9. Bd2 Be6 10. exd5 Qxe2+ 11. Bxe2 Bxd5 12. O-O O-O 13. Na3 a6 14.
c4 Bc6 15. Nc2 Re8 16. Rfe1 Nd7 17. Ne3 Nc5 18. f3 Rad8 19. Rad1 Ba4 20. Kf2
Bxd1 21. Rxd1 Na4 22. Bc1 Rxd1 23. Nxd1 Nb6 24. Nc3 c6 25. Bb2 Nc8 26. Na4 Ne7
27. Nc5 Rd8 28. Bd3 b6 29. Nxa6 Rxd3 30. Ke2 Rd8 31. a4 Ra8 32. Nc7 Rxa4 33.
Be5 Rxc4 34. Ne8 Rc2+ 35. Kf1 c5 36. Nd6 Ng6 37. f4 Nh4 38. Nf5 Nxf5 39. g3
Rxh2 40. Kg1 Rh3 41. Kg2 Rxg3+ 42. Kf2 b5 43. Bc7 c4 44. Bd6 c3 45. Bb4 c2 46.
Bd2 b4 47. Bc1 b3 48. Bb2 Rh3 49. Kg2 Rd3 50. Kf2 Rd1 51. Ke2 Rb1 52. Kd2 Rxb2
53. Kc1 Rb1+ 54. Kd2 c1=Q+ 0-1

[Event "Tournoi francophone 008 Groupe D"]
[Site "Skype"]
[Date "????.??.??"]
[Round "6.3"]
[White "Porcabeuf, Jean-Marc"]
[Black "Chothe, Siddhant"]
[Result "0-1"]
[WhiteElo "1176"]
[BlackElo "1239"]
[PlyCount "64"]

1. Nf3 Nc6 2. g3 d5 3. d4 Bf5 4. Bg2 e6 5. O-O Bd6 6. Bg5 f6 7. Bh4 g5 8. Nxg5
fxg5 9. Bxg5 Qxg5 10. Nd2 Nxd4 11. e3 Nxc2 12. Nf3 Qf6 13. Rb1 Nxe3 14. fxe3
Bxb1 15. Qxb1 O-O-O 16. b4 a6 17. Nd4 Qe5 18. Qc1 Ne7 19. b5 axb5 20. Nxb5 c6
21. a4 Nf5 22. Re1 h5 23. Na7+ Kb8 24. Nxc6+ bxc6 25. Qxc6 Qb2 26. Qa6 Rc8 27.
Bf1 Nxe3 28. Be2 Nf5 29. Bd3 Bc5+ 30. Kh1 Bb6 31. a5 Qf2 32. Rb1 Qf3# 0-1

[Event "Tournoi francophone 008 Groupe D"]
[Site "Skype"]
[Date "????.??.??"]
[Round "6.5"]
[White "Rodriguez, Nathalie"]
[Black "Battaglia, Gabriele"]
[Result "0-1"]
[WhiteElo "1308"]
[BlackElo "1286"]
[PlyCount "70"]

1. Nf3 Nf6 2. e3 d5 3. d4 Bg4 4. Be2 Nbd7 5. h3 Bh5 6. c3 e6 7. Nbd2 Bd6 8. Nb3
O-O 9. Nc5 Nxc5 10. dxc5 Bxc5 11. Nd4 Bxe2 12. Qxe2 Bxd4 13. exd4 Qd6 14. O-O
Rfe8 15. f4 Ne4 16. Be3 Ng3 17. Qf3 Nxf1 18. Rxf1 f5 19. Qg3 Qe7 20. Rf3 Rf8
21. Qe1 Rf6 22. Bf2 Rh6 23. Kf1 Qd7 24. Ke2 Qb5+ 25. Ke3 Qxb2 26. Rg3 Rg6 27.
Rxg6 hxg6 28. Kd3 Qxa2 29. Qxe6+ Kh7 30. Qe1 Qc4+ 31. Kd2 Qc6 32. Qe3 Re8 33.
Qg3 Kg8 34. Qh4 Qe6 35. Be3 Qxe3+ 0-1

[Event "Tournoi francophone 008 Groupe D"]
[Site "Skype"]
[Date "????.??.??"]
[Round "7.1"]
[White "Dhenain, Sebastien"]
[Black "Battaglia, Gabriele"]
[Result "1-0"]
[WhiteElo "1235"]
[BlackElo "1286"]
[PlyCount "77"]

1. e4 e5 2. Nf3 d6 3. Bc4 Be7 4. O-O Nf6 5. Nc3 Bg4 6. h3 Bh5 7. Be2 O-O 8. d4
Nbd7 9. dxe5 dxe5 10. Ng5 Bxe2 11. Qxe2 c6 12. Nf3 Qc7 13. Bg5 Rad8 14. Nh4 h6
15. Nf5 Bc5 16. Be3 Rfe8 17. Bxc5 Nxc5 18. Qf3 Qb6 19. Qg3 g6 20. Nxh6+ Kh7 21.
Qh4 Kg7 22. Ng4 Rh8 23. Qg3 Nxg4 24. hxg4 Qxb2 25. Qxe5+ f6 26. Qxc5 Qxc2 27.
Qe7+ Kh6 28. Rac1 Qd2 29. Rfd1 Rde8 30. Qxf6 Qg5 31. Qf3 Kg7 32. Rd7+ Re7 33.
Rxe7+ Qxe7 34. Rd1 Qe5 35. Rd7+ Kh6 36. Qh3+ Kg5 37. Qe3+ Kxg4 38. f3+ Kg3 39.
f4+ 1-0

[Event "Tournoi francophone 008 Groupe D"]
[Site "Skype"]
[Date "????.??.??"]
[Round "7.2"]
[White "Khabou, Taha"]
[Black "Rodriguez, Nathalie"]
[Result "1-0"]
[WhiteElo "1293"]
[BlackElo "1308"]
[PlyCount "31"]

1. d4 d5 2. c4 Nf6 3. Nc3 c6 4. Bg5 e6 5. a3 Be7 6. e3 h6 7. Bxf6 Bxf6 8. Nge2
dxc4 9. Nf4 O-O 10. Bxc4 Be7 11. Ne4 f5 12. Ng3 Qa5+ 13. Qd2 Qc7 14. Bxe6+ Bxe6
15. Nxe6 Qd8 16. Nxd8 1-0